Kỷ yếu hội nghị khoa học toàn quốc chăn nuôi - thú y Báo cáo đề tài khoa học và công nghệ cấp Trường
Đánh giá toàn diện hệ thống sản xuất chăn nuôi trong thời hội nhập và biến đổi khí hậu, đặc biệt là tình trạng hạn hán và xâm nhập mặn, đồng thời đề ra giải pháp phát triển chăn nuôi bền vững trong thời gian tới....
Enregistré dans:
| Collectivités auteurs: | , |
|---|---|
| Format: | Livre |
| Langue: | Undetermined |
| Publié: |
Hà Nội
Nông nghiệp
2017
|
| Sujets: | |
| Tags: |
Ajouter un tag
Pas de tags, Soyez le premier à ajouter un tag!
|
| Thư viện lưu trữ: | Trung tâm Học liệu Trường Đại học Cần Thơ |
|---|
| LEADER | 01213nam a2200241Ia 4500 | ||
|---|---|---|---|
| 001 | CTU_225600 | ||
| 008 | 210402s9999 xx 000 0 und d | ||
| 082 | |a 636 | ||
| 082 | |b Tr561 | ||
| 110 | |a Bộ Giáo dục Đào tạo | ||
| 110 | |b Trường Đại học Cần Thơ | ||
| 245 | 0 | |a Kỷ yếu hội nghị khoa học toàn quốc chăn nuôi - thú y | |
| 245 | 0 | |b Báo cáo đề tài khoa học và công nghệ cấp Trường | |
| 245 | 0 | |c Bộ Giáo dục Đào tạo. Trường Đại học Cần Thơ | |
| 260 | |a Hà Nội | ||
| 260 | |b Nông nghiệp | ||
| 260 | |c 2017 | ||
| 520 | |a Đánh giá toàn diện hệ thống sản xuất chăn nuôi trong thời hội nhập và biến đổi khí hậu, đặc biệt là tình trạng hạn hán và xâm nhập mặn, đồng thời đề ra giải pháp phát triển chăn nuôi bền vững trong thời gian tới. | ||
| 650 | |a Animal industry,Ngành chăn nuôi | ||
| 650 | |x Congresses,Hội thảo | ||
| 650 | |z Vietnam,Việt Nam | ||
| 910 | |b nthai | ||
| 980 | |a Trung tâm Học liệu Trường Đại học Cần Thơ | ||